000 00595nab a2200193 4500
001 244442
003 OSt
005 20240711074409.0
007 tu
008 200917s2020|||||||
040 _aDE-2950
_cDE-2950
245 0 0 _aBergbauamt macht Druck bei Sanierung
_bGefahr. Seit drei Jahren ist der Helenesee gesperrt. Das Landesbergbauamt will die Arbeiten selbst vorbereiten/
_ctrt
264 _c2024
653 _aFrankfurt (Oder)
653 _aHelenesee
653 _aSanierung
773 0 _g35. Jahrgang (2024) Nr. 152 vom 02.07.2024, S. 16
_tMärkische Oderzeitung
942 _2z
_cA
999 _c373234
_d373234